00860cas a2200277 a 45000010009000000050017000090080041000260100031000670160022000980220017001200350024001370370101001610400086002620410008003480420014003560800014003700820018003841000007004021010008004092100035004172220042004522450043004942460024005373100011005613620010005721139257020180213064844.0900920c19919999dcuar f 0 a0eng c a 91659175 zsn 90000433 7 a2143930-82DE-6000 a1052-917921 a(OCoLC)ocm22409985  bAmerican Council for an Energy-Efficient Economy, 2124 Kittredge St., No. 95, Berkeley, CA 94704 aNSDbengcNSDdDLCdNSTdDLCdCOOdIULdNSTdOCLdOCLCQdHEBISdOCLCFdOCLCOdOCL aeng ansdpapcc a644 sus00a644 sus220 a27 aene0 aConsum. guide home energy sav. 0aConsumer guide to home energy savings00aConsumer guide to home energy savings.10aHome energy savings aAnnual0 a1991-